000 00838nam a2200253Ia 4500
003 OSt
005 20220923211157.0
006 a|||||r|||| 00| 0
007 ta
008 Pun
020 _a8187762616 (hbk)
_c400
024 _a272,833
037 _b669, 03/06/2013, H.K. Prakashan
_cTextual
040 _aARTS
_cARTS
_bPun
041 _2Pun
_aPun
082 _aO153:g, Q3
100 _aਪੁੰਨੀ, ਅਮਰੀਕ ਸਿੰਘ
_9156274
245 0 _aਸਾਹਿਬ ਸਿਧਾਂਤ ਅਤੇ ਸਮੀਖਿਆ
260 _aਦਿੱਲੀ
_b ਐੱਚ ਕੇ ਪ੍ਰਕਾFਨ
_c2013
300 _a132ਪੰ
_ccm.
650 _aਪੰਜਾਬੀ ਸਾਹਿਤ
942 _hO153:g, Q3
_cTEXL
_2CC
999 _c296367
_d296367